LDR 01374naa#a2200181#i#450# 001 RU\\bibl\122342 005 20260502151241.6 011 ## _a2307-7476 100 ## _a20260410b2026####ek#y0rusy0150####ca 102 ## _aRU 200 1# _aПРИМЕНЕНИЕ РОБОТИЗИРОВАННЫХ УСТАНОВОК ПОЖАРОТУШЕНИЯ НА СКЛАДАХ НЕФТЕПРОДУКТОВ _eЖурнальная статья 210 1# _aСанкт-Петербург _cСанкт-Петербургский университет Государственной противопожарной службы Министерства Российской Федерации по делам гражданской обороны, чрезвычайным ситуациям и ликвидации последствий стихийных бедствий имени Героя Российской Федерации генерала армии Е.Н. Зиничева _d2026 215 ## _a7 с. 608 ## _aЖурнальная статья _2local 675 ## _aОгнетушительные установки. Комбинированные установки для извещения и огнетушения. 614.844 _z 700 #1 _aКрасильников _gАлександр Владимирович 700 #1 _aНемчинов _gМатвей Сергеевич 856 4# _ajournals.igps.ru _u